<?xml version="1.0" encoding="UTF-8"?>
<record
    xmlns:xsi="http://www.w3.org/2001/XMLSchema-instance"
    xsi:schemaLocation="http://www.loc.gov/MARC21/slim http://www.loc.gov/standards/marcxml/schema/MARC21slim.xsd"
    xmlns="http://www.loc.gov/MARC21/slim">

  <leader>02810nam a2200361   4500</leader>
  <controlfield tag="003">OSt</controlfield>
  <controlfield tag="005">20260512081016.0</controlfield>
  <controlfield tag="008">260512b        |||||||| |||| 00| 0 aze d</controlfield>
  <datafield tag="040" ind1=" " ind2=" ">
    <subfield code="a">AZ-XaKU</subfield>
    <subfield code="b">aze</subfield>
    <subfield code="c">AZ-XaKU</subfield>
  </datafield>
  <datafield tag="041" ind1="0" ind2=" ">
    <subfield code="a">aze</subfield>
  </datafield>
  <datafield tag="050" ind1="1" ind2="4">
    <subfield code="a">HM1126 .Y929 2018</subfield>
  </datafield>
  <datafield tag="100" ind1="1" ind2=" ">
    <subfield code="a">Yusifov, E.F.,</subfield>
    <subfield code="e">m&#xFC;&#x259;llif.</subfield>
  </datafield>
  <datafield tag="245" ind1="1" ind2=" ">
    <subfield code="a">Konfliktologiya</subfield>
    <subfield code="b">/ E.F.Yusifov, M.K.Ramazanov ; elmi redaktor C&#x259;lal Qas&#x131;mov ; r&#x259;y&#xE7;il&#x259;r Hikm&#x259;t M&#x259;mm&#x259;dov, Adil Bax&#x15F;&#x259;liyev, K&#xF6;n&#xFC;l &#x15E;&#x131;xiyeva</subfield>
  </datafield>
  <datafield tag="264" ind1=" " ind2=" ">
    <subfield code="a">Bak&#x131;:</subfield>
    <subfield code="b">DTX-in Heyd&#x259;r &#x18F;liyev ad&#x131;na Akademiyas&#x131;n&#x131;n n&#x259;&#x15F;riyyat&#x131;,</subfield>
    <subfield code="c">2018.</subfield>
  </datafield>
  <datafield tag="300" ind1=" " ind2=" ">
    <subfield code="a">460 s&#x259;hif&#x259; ;</subfield>
    <subfield code="b">sxem, c&#x259;dv&#x259;l, &#x15F;&#x259;kil;</subfield>
    <subfield code="c">25 sm.</subfield>
  </datafield>
  <datafield tag="336" ind1=" " ind2=" ">
    <subfield code="a">text</subfield>
    <subfield code="b">txt</subfield>
    <subfield code="2">rdacontent</subfield>
  </datafield>
  <datafield tag="337" ind1=" " ind2=" ">
    <subfield code="a">unmediated</subfield>
    <subfield code="b">n</subfield>
    <subfield code="2">rdamedia</subfield>
  </datafield>
  <datafield tag="338" ind1=" " ind2=" ">
    <subfield code="a">volume </subfield>
    <subfield code="b">nc</subfield>
    <subfield code="2">rdacarrier</subfield>
  </datafield>
  <datafield tag="500" ind1=" " ind2=" ">
    <subfield code="a">AR DTX-in Heyd&#x259;r &#x18F;liyev ad&#x131;na Akademiyas&#x131;n&#x131;n Elmi &#x15E;uras&#x131;n&#x131;n 23 may 2018-ci il tarixli iclas&#x131;n&#x131;n (protokol &#x2116;12) q&#x259;rar&#x131; il&#x259; d&#x259;rslik kimi n&#x259;&#x15F;r&#x259; t&#xF6;vsiy&#x259; olunmu&#x15F;dur.</subfield>
  </datafield>
  <datafield tag="504" ind1=" " ind2=" ">
    <subfield code="a">&#x130;stifad&#x259; olunmu&#x15F; m&#x259;nb&#x259;l&#x259;r: s. 447-454</subfield>
  </datafield>
  <datafield tag="505" ind1="0" ind2=" ">
    <subfield code="a">&#xD6;n s&#xF6;z -- Giri&#x15F; -- I F&#x259;sil. Konfliktologiyan&#x131;n m&#x259;nb&#x259;l&#x259;ri v&#x259; n&#x259;z&#x259;ri &#x259;saslar&#x131; -- II F&#x259;sil. Konfliktl&#x259;rin strukturu, funksiyalar&#x131; v&#x259; t&#x259;dqiqat metodlar&#x131; -- III F&#x259;sil. &#x15E;&#x259;xsiyy&#x259;tdaxili konfliktl&#x259;r -- IV F&#x259;sil. &#x15E;&#x259;xsiyy&#x259;tl&#x259;raras&#x131; v&#x259; qruplararas&#x131; konfliktl&#x259;r -- V F&#x259;sil. H&#x259;rbi-siyasi konfliktl&#x259;r -- VI F&#x259;sil. Etnik-milli, siyasi-co&#x11F;rafi v&#x259; geosiyasi konfliktl&#x259;r -- VII F&#x259;sil. Az&#x259;rbaycan tarixinin konfliktli s&#x259;hif&#x259;l&#x259;ri -- VIII F&#x259;sil. Konfliktl&#x259;rin t&#x259;nziml&#x259;nm&#x259;si.</subfield>
  </datafield>
  <datafield tag="520" ind1="0" ind2=" ">
    <subfield code="a">Dosent Elman F&#x259;rhad o&#x11F;lu Yusifov v&#x259; dosent M&#xFC;&#x15F;fiq K&#xF6;&#xE7;&#x259;ri o&#x11F;lu Ramazanov t&#x259;r&#x259;find&#x259;n yaz&#x131;lan kitabda konfliktologiyan&#x131;n m&#xFC;st&#x259;qil elm kimi t&#x259;kam&#xFC;l&#xFC;, &#x259;sas konflikt n&#x259;z&#x259;riyy&#x259;l&#x259;ri, konfliktl&#x259;rin m&#xFC;asir t&#x259;dqiqat metodlar&#x131;, konfliktl&#x259;rin strukturu, dinamikas&#x131; v&#x259; funksiyalar&#x131; kimi m&#x259;s&#x259;l&#x259;l&#x259;r &#xF6;z &#x259;ksini tapm&#x131;&#x15F;d&#x131;r.  
Kitabda eyni zamanda Az&#x259;rbaycan&#x131;n ictimai v&#x259; elmi fikir tarixind&#x259; konflikt probleml&#x259;ri tarixi kontekstd&#x259; ara&#x15F;d&#x131;r&#x131;lm&#x131;&#x15F;, konfliktologiyan&#x131;n metodoloji prinsipl&#x259;ri, onlar&#x131;n qabaqlanmas&#x131; v&#x259; idar&#x259; edilm&#x259;si m&#x259;s&#x259;l&#x259;l&#x259;ri a&#xE7;&#x131;qlanm&#x131;&#x15F;d&#x131;r.  </subfield>
  </datafield>
  <datafield tag="521" ind1=" " ind2=" ">
    <subfield code="a">D&#x259;rslik DTX-nin Heyd&#x259;r &#x18F;liyev ad&#x131;na Akademiyas&#x131;n&#x131;n kursant v&#x259; dinl&#x259;yicil&#x259;ri, h&#x259;m&#xE7;inin, konfliktologiya kursunu &#xF6;yr&#x259;n&#x259;n dig&#x259;r universitetl&#x259;rin t&#x259;l&#x259;b&#x259; v&#x259; m&#xFC;&#x259;lliml&#x259;ri, el&#x259;c&#x259; d&#x259; bu sah&#x259;d&#x259; &#xE7;al&#x131;&#x15F;an elmi i&#x15F;&#xE7;il&#x259;r v&#x259; m&#xFC;t&#x259;x&#x259;ssisl&#x259;r &#xFC;&#xE7;&#xFC;n n&#x259;z&#x259;rd&#x259; tutulmu&#x15F;dur.</subfield>
  </datafield>
  <datafield tag="650" ind1=" " ind2="7">
    <subfield code="a">&#x130;qtisadiyyat</subfield>
    <subfield code="2">AZ-XaKU</subfield>
  </datafield>
  <datafield tag="655" ind1=" " ind2=" ">
    <subfield code="2">Az-XaKU</subfield>
    <subfield code="a">d&#x259;rslik</subfield>
  </datafield>
  <datafield tag="700" ind1="1" ind2=" ">
    <subfield code="a">Ramazanov, M&#xFC;&#x15F;fiq,</subfield>
    <subfield code="e">m&#xFC;&#x259;llif.</subfield>
  </datafield>
  <datafield tag="700" ind1="1" ind2=" ">
    <subfield code="a">Qas&#x131;mov, C&#x259;lal,</subfield>
    <subfield code="e">elmi redaktor.</subfield>
  </datafield>
  <datafield tag="700" ind1="1" ind2=" ">
    <subfield code="a">M&#x259;mm&#x259;dov, Hikm&#x259;t,</subfield>
    <subfield code="e">r&#x259;y&#xE7;i.</subfield>
  </datafield>
  <datafield tag="700" ind1="1" ind2=" ">
    <subfield code="a">Bax&#x15F;&#x259;liyev, Adil,</subfield>
    <subfield code="e">r&#x259;y&#xE7;i.</subfield>
  </datafield>
  <datafield tag="700" ind1="1" ind2=" ">
    <subfield code="a">&#x15E;&#x131;xiyeva, K&#xF6;n&#xFC;l,</subfield>
    <subfield code="e">r&#x259;y&#xE7;i.</subfield>
  </datafield>
  <datafield tag="942" ind1=" " ind2=" ">
    <subfield code="c">BOOK</subfield>
  </datafield>
  <datafield tag="999" ind1=" " ind2=" ">
    <subfield code="c">413</subfield>
    <subfield code="d">413</subfield>
  </datafield>
  <datafield tag="952" ind1=" " ind2=" ">
    <subfield code="0">0</subfield>
    <subfield code="1">0</subfield>
    <subfield code="2">lcc</subfield>
    <subfield code="4">0</subfield>
    <subfield code="7">0</subfield>
    <subfield code="8">GC</subfield>
    <subfield code="a">KU</subfield>
    <subfield code="b">KU</subfield>
    <subfield code="d">2026-05-12</subfield>
    <subfield code="l">0</subfield>
    <subfield code="o">HM1126 .Y929 2018</subfield>
    <subfield code="p">0000000338</subfield>
    <subfield code="r">2026-05-12 08:13:22</subfield>
    <subfield code="t">1</subfield>
    <subfield code="w">2026-05-12</subfield>
    <subfield code="y">BOOK</subfield>
  </datafield>
</record>
